| 000 | 00930nam a2200301 u 4500 | ||
|---|---|---|---|
| 001 | 4600 | ||
| 005 | 20260428104343.0 | ||
| 008 | 950915s1994 spa | ||
| 020 | _a950701246X | ||
| 035 | _a4600 | ||
| 035 | _a(OCoLC)689538542 | ||
| 040 | _ccomduadb | ||
| 041 | _aspa | ||
| 082 | 4 | _a371 | |
| 100 | 1 | 0 |
_aOyola, Carlos A. _4aut _eaut _9239480 |
| 245 | 1 | 0 | _aFracaso escolar : el exito prohibido |
| 260 |
_aArgentina : _bAique Grupo Editor, _c1994. |
||
| 300 | _a239 páginas | ||
| 500 | _aCompra:Libreria la Polilla:Feb/95. | ||
| 650 |
_aEducacion de niños pobres _9366 |
||
| 650 | 7 |
_aDeserción escolar _2 _958581 |
|
| 650 | 7 |
_aSociología de la educación _2embne _9137011 |
|
| 700 | 1 | 0 |
_aBarila, Maria I. _4aut _eaut _9472734 |
| 700 | 1 | 0 |
_aFigueroa, Eduardo D. _4aut _eaut _9317483 |
| 700 | 1 | 0 |
_aGennari, Stella M. _4aut _eaut _9239569 |
| 700 | 1 | 0 |
_aLeonardo, Cristina L. _4aut _eaut _9317484 |
| 942 | _cBOOK | ||
| 999 |
_c4088 _d4088 |
||